| 000 | 00746nam a22002297a 4500 | ||
|---|---|---|---|
| 003 | PE SENCICO BE | ||
| 005 | 20251020182624.0 | ||
| 008 | 230106b |||||||| |||| 00| 0 eng d | ||
| 020 | _a978-958-762-971-2 | ||
| 040 |
_aPE SENCICO BE _cPE SENCICO BE |
||
| 041 | _aspa | ||
| 082 |
_a720.47 _bD28 |
||
| 100 | 1 |
_aDe Garrido, Luis _9186 |
|
| 245 | 1 |
_aManual de arquitectura ecológica : _barquitectura y salud / _cLuis de Garrido |
|
| 260 |
_aBogotá: _bEdiciones de la U, _c2019 |
||
| 300 |
_a249 p.: _bil., graf., _c28 cm. |
||
| 650 | 1 | 4 |
_9280 _aArquitectura sostenible |
| 650 | 2 | 4 |
_918 _aDiseño arquitectónico |
| 650 | 2 | 4 |
_9189 _aArquitectura bioclimática |
| 910 |
_bhfp _chfp |
||
| 942 |
_2ddc _cLIB _h720.47 _iD28 |
||
| 999 |
_c3751 _d3751 |
||